000 00278nam a2200121Ia 4500
008 190216s9999||||xx |||||||||||||| ||und||
100 _aGupta R R & Gupta V S
245 0 _aThree Taxes
260 _bMira Prakashan
_c1979
300 _a546p
650 _aCommerce
942 _cBK
999 _c4400
_d4400